Logos de clubs de football français - Mort subite - Statistiques

Statistiques générales
  • Ce quiz a été pris 19 242 fois
  • Le résultat moyen est 12 sur 14
Answers on the Grid
Answers color-coded by a green-red scale on the quiz's grid according to % correct below.
 
Statistiques - réponses
Réponse % Correct
97%
94%
94%
93%
93%
91%
91%
90%
90%
87%
85%
84%
78%
74%
Aucun quiz correspondant
Distribution des résultats
% des personnes avec chaque résultat
Percentile par nombre de réponses
Votre historique - résultats
Vous n’avez pas pris ce quiz